F1 Season 1982 Race Winners - Statistics

General Stats
  • This quiz has been taken 8 times
  • The average score is 13 of 16
Answer Stats
Grand Prix Country Winner % Correct
South Africa France Alain Prost
100%
Brazil France Alain Prost
100%
France Swiss Finland Keke Rosberg
100%
Canada Brazil Nelson Piquet
100%
United States West Austria Niki Lauda
100%
United Kingdom Austria Niki Lauda
100%
Belgium United Kingdom John Watson
86%
United States Detroit United Kingdom John Watson
86%
France France René Arnoux
86%
Italy France René Arnoux
86%
Monaco Italy Riccardo Patrese
86%
Austria Italy Elio de Angelis
71%
United States Caesars Palace Italy Michele Alboreto
71%
Italy San Marino France Didier Pironi
57%
Netherlands France Didier Pironi
57%
West Germany France Patrick Tambay
57%
No matching quizzes found
Score Distribution
Percent of People with Each Score
Percentile by Number Answered
Your Score History
You have not taken this quiz